[Event "8th ch-Euro"]
[Site "Dresden GER"]
[Date "2007.04.06"]
[Round "4"]
[White "Mista,A"]
[Black "Potapov,P"]
[Result "1-0"]
[WhiteElo "2542"]
[BlackElo "2380"]
[EventDate "2007.04.03"]

1. e4 c5 2. Nf3 Nc6 3. d4 cxd4 4. Nxd4 e5 5. Nb5 d6 6. N1c3 a6 7. Na3 Be7
8. Nc4 b5 9. Ne3 Nf6 10. g3 h5 11. Bg2 h4 12. O-O Be6 13. Ncd5 Rc8 14. c3
g6 15. a4 h3 16. Bh1 O-O 17. axb5 axb5 18. b4 Nb8 19. Qd3 Nxd5 20. exd5 Bd7
21. f4 exf4 22. gxf4 Bf6 23. Bd2 Qb6 24. Be4 Rfe8 25. Kh1 Bg7 26. f5 Re5
27. fxg6 f6 28. Nf5 Rc4 29. Qxh3 Bxf5 30. Bxf5 Qb7 31. Be6+ Kf8 32. Bh6 1-0

[Event "8th ch-Euro"]
[Site "Dresden GER"]
[Date "2007.04.06"]
[Round "4"]
[White "Spiess,Gu"]
[Black "Shanava,K"]
[Result "1/2-1/2"]
[WhiteElo "2398"]
[BlackElo "2513"]
[EventDate "2007.04.03"]

1. Nf3 d6 2. d4 Bg4 3. c4 Nd7 4. Nc3 g6 5. d5 Bxf3 6. exf3 Bg7 7. Qc2 c6 8.
Be2 Ngf6 9. O-O O-O 10. Rd1 cxd5 11. Nxd5 Nxd5 12. Rxd5 Rc8 13. Be3 Nb6 14.
Rd2 Qc7 15. Rc1 Nd7 16. b4 b6 17. Qb3 Qb8 18. f4 Rc7 19. h3 Rfc8 20. Rdc2
Bf6 21. Qd3 a6 22. Bg4 Qb7 23. Bf3 Qa7 24. a3 a5 25. Qb3 Qa6 26. Be2 Qa7
27. Bf3 h5 28. Be4 h4 29. Bd5 Kg7 30. Bf3 Qa6 31. Be2 Qa7 32. Bf3 Qb8 33.
Bg4 e6 34. Be2 Rc6 35. Bf3 R6c7 36. Qd3 Be7 37. Qb3 Kh7 38. Qd3 Ra7 39. Qb3
Ra6 40. Be2 Ra7 41. Bf3 Rcc7 42. Be2 axb4 43. axb4 Qa8 44. Rc3 Ra2 45. R1c2
Ra1+ 46. Rc1 Rca7 47. Bf3 Qc8 48. Rxa1 Rxa1+ 49. Kh2 Qa6 50. Rd3 Nf6 51.
Bd4 Ra2 52. b5 Qa4 53. Bxb6 Nd7 54. Qxa4 Rxa4 55. Bc7 Rxc4 56. Bxd6 Nc5 57.
Bxe7 Nxd3 58. b6 Nc5 59. Bd6 Rc2 60. b7 Nxb7 61. Bxb7 Rxf2 62. Kg1 Rb2 63.
Bf3 f6 64. Bg4 Kg7 65. Bc5 Kf7 66. Bf2 Rb1+ 67. Kh2 Rb4 68. Be3 Re4 69. Bd2
Rd4 70. Be3 Re4 71. Bd2 Rd4 1/2-1/2

[Event "8th ch-Euro"]
[Site "Dresden GER"]
[Date "2007.04.06"]
[Round "4"]
[White "Nevednichy,V"]
[Black "Roos,M GER"]
[Result "1-0"]
[WhiteElo "2567"]
[BlackElo "2349"]
[EventDate "2007.04.03"]

1. e4 c5 2. Nf3 e6 3. d3 Nc6 4. g3 Nge7 5. Bg2 g6 6. O-O Bg7 7. c3 e5 8. a3
a5 9. a4 O-O 10. Na3 d6 11. Re1 h6 12. Nd2 Be6 13. Ndc4 f5 14. Nb5 Nc8 15.
Ne3 N8a7 16. Na3 f4 17. Nd5 g5 18. Nc4 Nc8 19. h4 gxh4 20. gxf4 h3 21. Bf3
exf4 22. Kh1 N8e7 23. Rg1 Ne5 24. Nxf4 Bxc4 25. dxc4 Rxf4 26. Bxf4 N7g6 27.
Be3 Qf6 28. Bg4 Nf4 29. Bf5 Ng2 30. Qh5 Nxe3 31. fxe3 Kh8 32. Rg4 h2 33.
Kxh2 Qf7 34. Qh3 Bf6 35. Rag1 Re8 36. Qh4 b6 37. Qxh6+ 1-0

[Event "8th ch-Euro"]
[Site "Dresden GER"]
[Date "2007.04.06"]
[Round "4"]
[White "Winants,L"]
[Black "Michalczak,T"]
[Result "1/2-1/2"]
[WhiteElo "2516"]
[BlackElo "2332"]
[EventDate "2007.04.03"]

1. d4 d5 2. Bf4 c5 3. e4 Nc6 4. exd5 Qxd5 5. Nc3 Qxd4 6. Nd5 e5 7. Nc7+ Kd8
8. Nxa8 exf4 9. Nf3 Qxd1+ 10. Rxd1+ Bd7 11. Bb5 Kc8 12. O-O f6 13. a4 Be7
14. Rfe1 Bg4 15. a5 Kb8 16. Nb6 axb6 17. axb6 Bxf3 18. gxf3 Nd4 19. Rxd4
cxd4 20. Bc4 Kc8 21. Bxg8 Kd8 22. Bd5 Bc5 23. Ra1 Kd7 24. Bxb7 Bxb6 25. Be4
h6 26. b4 Rb8 27. Bd3 g5 28. Re1 Bc7 29. b5 Be5 30. Ra1 Kc7 31. Ra4 Rb6 32.
Kf1 h5 33. h3 h4 34. Ke2 Kd6 35. Ra7 Kc5 36. Kd2 Kb4 37. Kc1 Kc5 38. Ra8
Rb8 39. Ra6 Rb6 40. Ra7 Rb8 41. Ra4 Rb6 42. Kb2 Rb8 43. Kb3 Rb6 44. Ra7 Rb8
45. Ka4 Rb6 46. Ra5 Rb8 47. Kb3 Rb6 48. Ra4 Rb8 49. Ka2 Rb6 50. Kb1 Rb8 51.
Kc1 Rb6 52. Kd2 Rb8 53. Bc4 Re8 54. Kd3 Bc7 55. Ra7 Be5 56. Ra6 Rc8 57. Ra4
Re8 58. Ke4 Bc7+ 59. Kf5 Be5 60. Bd3 Rb8 61. Ra7 Rb6 62. Ra8 Kd5 63. Re8
Kd6 64. Bc4 Kd7 65. Ra8 Kd6 66. Bd3 Kd5 67. Rd8+ Rd6 68. Rc8 Rb6 69. Be4+
Kd6 70. Bc6 Kc5 71. Ke6 Kc4 72. Ra8 Kc3 73. Ra2 Kc4 74. Ra3 Kb4 75. Rb3+
Kc4 76. Kd7 Kc5 77. Ra3 Kb4 78. Ra6 Kc5 79. Ra4 Rb8 80. Ke6 Rd8 81. Kf5 Rb8
82. Ke4 Rd8 83. Kd3 Rb8 1/2-1/2

[Event "8th ch-Euro"]
[Site "Dresden GER"]
[Date "2007.04.06"]
[Round "4"]
[White "Brendel,O"]
[Black "Erdos,V"]
[Result "1/2-1/2"]
[WhiteElo "2370"]
[BlackElo "2518"]
[EventDate "2007.04.03"]

1. e4 e6 2. d4 d5 3. Nc3 Nf6 4. Bg5 dxe4 5. Nxe4 Be7 6. Bxf6 gxf6 7. Nf3 f5
8. Nc3 a6 9. g3 b5 10. Bg2 Bb7 11. O-O O-O 12. Ne5 Bxg2 13. Kxg2 b4 14. Na4
Qd5+ 15. Qf3 Rd8 16. c3 Qxf3+ 17. Kxf3 Bf6 18. Nd3 a5 19. a3 bxc3 20. bxc3
Nd7 21. Rfb1 Rab8 22. Nac5 Nxc5 23. Nxc5 Be7 24. Ke3 Rb6 25. a4 Rdb8 26.
Rxb6 Rxb6 27. Ra2 Rc6 1/2-1/2

[Event "8th ch-Euro"]
[Site "Dresden GER"]
[Date "2007.04.06"]
[Round "4"]
[White "Philippe,C"]
[Black "Potapov,Alexa1"]
[Result "1-0"]
[WhiteElo "2364"]
[BlackElo "2510"]
[EventDate "2007.04.03"]

1. d4 Nf6 2. Nf3 g6 3. g3 Bg7 4. Bg2 O-O 5. O-O d6 6. c4 Nc6 7. d5 Na5 8.
Nfd2 c5 9. Nc3 a6 10. Rb1 Rb8 11. b3 b5 12. Qc2 e5 13. Bb2 Nh5 14. e3 f5
15. f4 Bd7 16. Ba1 Qe7 17. Rbe1 bxc4 18. bxc4 g5 19. g4 fxg4 20. f5 Rb4 21.
a3 Rb7 22. Nce4 Rb6 23. Bc3 Nb7 24. Ng3 Nxg3 25. hxg3 e4 26. Bxe4 Be5 27.
f6 Rxf6 28. Rxf6 Qxf6 29. Bxh7+ Kh8 30. Rf1 Qg7 31. Bxe5 dxe5 32. Bf5 Rf6
33. Bxd7 Rxf1+ 34. Nxf1 Qxd7 35. Qg6 Qe7 36. Qxa6 Nd6 37. a4 Kg7 38. a5 e4
39. Qc6 Nxc4 40. a6 Ne5 41. Qb7 Qxb7 42. axb7 Nd7 43. Nd2 Kf6 44. Nxe4+ Ke5
45. Nxc5 Nb8 46. e4 Kd4 47. Nd3 Kxe4 48. Nb4 Nd7 49. Kf2 Kd4 50. Nc6+ Kxd5
51. b8=Q Nxb8 52. Nxb8 Ke4 53. Nd7 Kf5 54. Ke3 Ke6 55. Nc5+ 1-0

[Event "8th ch-Euro"]
[Site "Dresden GER"]
[Date "2007.04.06"]
[Round "4"]
[White "Loxine,J"]
[Black "Kanep,M"]
[Result "1/2-1/2"]
[WhiteElo "2301"]
[BlackElo "2504"]
[EventDate "2007.04.03"]

1. Nf3 Nf6 2. c4 e6 3. g3 d5 4. d4 dxc4 5. Bg2 Nc6 6. O-O Rb8 7. Nc3 b5 8.
Ne5 Nxe5 9. dxe5 Nd7 10. Bc6 a6 11. Qd4 Bb7 12. Bxb7 Rxb7 13. Rd1 c5 14.
Qg4 Qc7 15. Bf4 Qc6 16. f3 f5 17. exf6 Nxf6 18. Qg5 Kf7 19. Be5 Be7 20. Ne4
Rd7 21. Nxf6 Bxf6 22. Bxf6 gxf6 23. Qh5+ Kg7 24. Qg4+ Kf7 25. Qh5+ Kg7 26.
Qg4+ Kf8 27. Qh5 Ke7 28. Qh6 Kf7 29. Qh5+ 1/2-1/2

[Event "8th ch-Euro"]
[Site "Dresden GER"]
[Date "2007.04.06"]
[Round "4"]
[White "Dgebuadze,A"]
[Black "Vaznonis,V"]
[Result "1-0"]
[WhiteElo "2504"]
[BlackElo "2279"]
[EventDate "2007.04.03"]

1. c4 e5 2. Nc3 Nc6 3. g3 g6 4. Bg2 Bg7 5. Rb1 a5 6. a3 d6 7. b4 axb4 8.
axb4 Nf6 9. d3 O-O 10. b5 Nd4 11. e3 Ne6 12. Nge2 Nh5 13. O-O f5 14. Nd5
Qe8 15. Bd2 Qf7 16. f4 exf4 17. gxf4 Nc5 18. Bb4 Nf6 19. Qd2 Nxd5 20. cxd5
Re8 21. Kh1 Qe7 22. Bxc5 dxc5 23. e4 fxe4 24. dxe4 Bh3 25. Ng3 Bxg2+ 26.
Qxg2 b6 27. e5 Rad8 28. Ne4 Qd7 29. d6 cxd6 30. Nxd6 Re7 31. Rbd1 Qe6 32.
Qc6 g5 33. Nf5 Rxd1 34. Nxe7+ Qxe7 35. Rxd1 gxf4 36. Qc8+ Bf8 37. Qg4+ Bg7
38. e6 Qf6 39. Rf1 h5 40. Qe2 Kf8 41. Qe4 Ke7 42. Re1 Qc3 43. Qb7+ Kf6 44.
Qf7+ 1-0

[Event "8th ch-Euro"]
[Site "Dresden GER"]
[Date "2007.04.06"]
[Round "4"]
[White "Hindermann,F"]
[Black "Boros,De"]
[Result "1-0"]
[WhiteElo "2260"]
[BlackElo "2502"]
[EventDate "2007.04.03"]

1. e4 c5 2. c3 d5 3. exd5 Qxd5 4. d4 Nf6 5. Nf3 e6 6. Na3 a6 7. Nc4 Nbd7 8.
Be2 b5 9. Ne3 Qc6 10. O-O Bb7 11. a4 b4 12. Nc4 bxc3 13. bxc3 Qc7 14. Nfe5
Be7 15. Bf3 O-O 16. Bg5 Ra7 17. Bf4 Bxf3 18. Qxf3 Nd5 19. Bg3 Nxe5 20. dxe5
Rb7 21. Rab1 Rfb8 22. Rbc1 Rb3 23. h4 Qd7 24. Rfd1 Qxa4 25. Nd6 Bxd6 26.
exd6 Qc4 27. d7 Rd8 28. Rxd5 exd5 29. Re1 Qb5 30. Re7 f6 31. Qxd5+ Kh8 32.
Qf7 Rg8 33. Qxg8+ 1-0

[Event "8th ch-Euro"]
[Site "Dresden GER"]
[Date "2007.04.06"]
[Round "4"]
[White "Wells,P"]
[Black "Perlitz,S"]
[Result "1-0"]
[WhiteElo "2501"]
[BlackElo "2141"]
[EventDate "2007.04.03"]

1. e4 c5 2. Nf3 e6 3. b3 d6 4. Bb2 Nf6 5. e5 dxe5 6. Nxe5 Nbd7 7. Bb5 Qc7
8. Qf3 a6 9. Bxd7+ Bxd7 10. Na3 Rc8 11. O-O Bc6 12. Qh3 Bd6 13. Nac4 Nd5
14. Qg4 Bxe5 15. Bxe5 f5 16. Qh5+ g6 17. Qh6 1-0

[Event "8th ch-Euro"]
[Site "Dresden GER"]
[Date "2007.04.06"]
[Round "4"]
[White "Bruned,B"]
[Black "Murariu,A"]
[Result "0-1"]
[WhiteElo "2211"]
[BlackElo "2501"]
[EventDate "2007.04.03"]

1. e4 c5 2. Nf3 Nc6 3. d4 cxd4 4. Nxd4 Nf6 5. Nc3 d6 6. Bg5 e6 7. Qd2 a6 8.
O-O-O Bd7 9. f4 b5 10. Bxf6 gxf6 11. Kb1 Qb6 12. Nxc6 Bxc6 13. Qe1 Ra7 14.
f5 Qc5 15. Bd3 b4 16. Ne2 e5 17. Ng3 Bh6 18. Qe2 a5 19. Rhe1 a4 20. Bc4 Ke7
21. Bd5 Rc8 22. Bxc6 Qxc6 23. Qd3 Ra5 24. Nf1 a3 25. b3 Rc5 26. Re2 Rc3 27.
Qd5 Rxc2 28. Qxc6 R2xc6 29. Ne3 Bxe3 30. Rxe3 Rc2 31. Red3 Rb2+ 32. Ka1
Rcc2 33. Rxd6 Rxa2+ 34. Kb1 Rcb2+ 0-1

[Event "8th ch-Euro"]
[Site "Dresden GER"]
[Date "2007.04.06"]
[Round "4"]
[White "Kacheishvili,G"]
[Black "Fink,L"]
[Result "1-0"]
[WhiteElo "2587"]
[BlackElo "2064"]
[EventDate "2007.04.03"]

1. d4 Nf6 2. c4 g6 3. Nc3 Bg7 4. e4 d6 5. h3 O-O 6. Nf3 e5 7. d5 a5 8. Bg5
Na6 9. Nd2 Nc5 10. Be2 c6 11. O-O a4 12. b4 axb3 13. axb3 Rxa1 14. Qxa1 Na6
15. Qb2 c5 16. Nb5 h6 17. Bh4 Kh7 18. Ra1 g5 19. Bg3 Ng8 20. Qb1 Ne7 21.
Bg4 Kg8 22. Bxc8 Nxc8 23. Nf1 Qd7 24. Ne3 Ne7 25. f3 f5 26. Nxf5 Nxf5 27.
exf5 Nc7 28. Ra5 Nxd5 29. Qd3 Nf4 30. Bxf4 exf4 31. Qd5+ Kh8 32. Nxd6 Rf6
33. Ra8+ Bf8 34. Ne4 Qe7 35. Kh2 1-0

[Event "8th ch-Euro"]
[Site "Dresden GER"]
[Date "2007.04.06"]
[Round "4"]
[White "Azmaiparashvili,Z"]
[Black "Buchal,S"]
[Result "1-0"]
[WhiteElo "2632"]
[BlackElo "2393"]
[EventDate "2007.04.03"]

1. d4 g6 2. e4 Bg7 3. h4 h5 4. Bc4 d5 5. exd5 Nf6 6. Nc3 O-O 7. Nge2 Bf5 8.
Bb3 Re8 9. Bf4 c6 10. dxc6 Nxc6 11. Qd2 Qa5 12. d5 Rad8 13. O-O-O e5 14.
Bg5 b5 15. Bxf6 Bxf6 16. Qe1 Nd4 17. Nxd4 exd4 18. Ne4 Qb6 19. Nxf6+ Qxf6
20. Qd2 a5 21. Qxa5 d3 22. Rde1 dxc2 23. Qd2 Rxe1+ 24. Qxe1 Ra8 25. Qe3 b4
26. g3 Ra5 27. Re1 Qa6 28. Qe8+ Kg7 29. Qe5+ Kg8 30. Qd4 Kh7 31. Kd2 Qa8
32. Re7 Qf8 33. d6 1-0

[Event "8th ch-Euro"]
[Site "Dresden GER"]
[Date "2007.04.06"]
[Round "4"]
[White "Eisenbeiser,A"]
[Black "Solak,D"]
[Result "0-1"]
[WhiteElo "2329"]
[BlackElo "2564"]
[EventDate "2007.04.03"]

1. e4 c5 2. c4 Nc6 3. Ne2 Nf6 4. Nbc3 e6 5. d4 d5 6. cxd5 exd5 7. Bg5 Be7
8. exd5 Nxd5 9. Bxe7 Ncxe7 10. dxc5 O-O 11. Qd4 Be6 12. Nf4 Nxf4 13. Qxf4
Nd5 14. Nxd5 Qxd5 15. Be2 Qxg2 16. Bf3 Qg6 17. O-O-O Rac8 18. b4 Bxa2 19.
Kb2 Qe6 20. Qe3 Rc7 21. Ra1 Bc4 22. Rxa7 Ba6 23. Rd1 Qf6+ 24. Qc3 Qf4 25.
c6 Rxc6 26. Rd4 Qb8 27. Rxb7 Bxb7 28. Bxc6 Bxc6 29. Qxc6 Qxh2 30. Qf3 Qe5
31. Qf4 Qb5 32. Kb3 Ra8 33. Qc7 Qa4+ 34. Kc3 Qa3+ 35. Kc2 Qa2+ 36. Kd3 Ra3+
37. Ke4 Qe6+ 38. Qe5 f5+ 0-1

[Event "8th ch-Euro"]
[Site "Dresden GER"]
[Date "2007.04.06"]
[Round "4"]
[White "Paehtz,T jr"]
[Black "Neverov,V"]
[Result "0-1"]
[WhiteElo "2318"]
[BlackElo "2539"]
[EventDate "2007.04.03"]

1. e4 c5 2. c3 d5 3. exd5 Qxd5 4. d4 e6 5. Nf3 Nf6 6. Be3 cxd4 7. cxd4 Bb4+
8. Nc3 Qa5 9. Qb3 O-O 10. Be2 b6 11. O-O Ba6 12. Bxa6 Nxa6 13. a3 Bxc3 14.
bxc3 Rac8 15. c4 Nb8 16. Rfd1 Qa6 17. Rac1 Nc6 18. Bd2 Rfd8 19. Be1 Ne7 20.
a4 Nf5 21. Qb5 Qb7 22. a5 Nd6 23. Qb3 b5 24. Ne5 a6 25. d5 exd5 26. cxd5
Rxc1 27. Rxc1 Re8 28. Nc6 Nc4 29. Qf3 Qd7 30. Nb4 Ne5 31. Qd1 Qd6 32. Bc3
Neg4 33. g3 Nxf2 34. Qd4 Nh3+ 35. Kf1 Re4 36. Qb6 Qd7 37. Re1 h5 38. Qb8+
Kh7 39. Rxe4 Nxe4 40. Qe5 Qg4 41. Qxg7+ Qxg7 42. Bxg7 Kxg7 43. Nxa6 Kf6 44.
Nc7 b4 45. a6 b3 46. Nb5 b2 47. Na3 Nd2+ 48. Ke2 Nc4 49. a7 Nxa3 50. a8=Q
b1=Q 51. Qxa3 Qc2+ 0-1

[Event "8th ch-Euro"]
[Site "Dresden GER"]
[Date "2007.04.06"]
[Round "4"]
[White "Sorokin,M"]
[Black "Becker,Mi1"]
[Result "1/2-1/2"]
[WhiteElo "2547"]
[BlackElo "2313"]
[EventDate "2007.04.03"]

1. e4 c5 2. Nf3 d6 3. d4 cxd4 4. Nxd4 Nf6 5. Nc3 g6 6. Be3 Bg7 7. f3 O-O 8.
Qd2 Nc6 9. Bc4 Bd7 10. h4 Ne5 11. Bb3 Qc7 12. h5 Nc4 13. Bxc4 Qxc4 14.
O-O-O Rfc8 15. g4 b5 16. Kb1 b4 17. Nd5 Nxd5 18. exd5 Qxd5 19. hxg6 fxg6
20. Qh2 Qe5 21. Bf4 1/2-1/2

[Event "8th ch-Euro"]
[Site "Dresden GER"]
[Date "2007.04.06"]
[Round "4"]
[White "Koepke,C"]
[Black "Zysk,R"]
[Result "1-0"]
[WhiteElo "2285"]
[BlackElo "2483"]
[EventDate "2007.04.03"]

1. e4 e6 2. d4 d5 3. Nc3 Nf6 4. Bg5 dxe4 5. Nxe4 Be7 6. Bxf6 gxf6 7. Nf3 b6
8. Bc4 Bb7 9. Qe2 c6 10. O-O Nd7 11. Ng3 O-O 12. Rfe1 Re8 13. Rad1 Kh8 14.
Bd3 Rg8 15. Qe4 Nf8 16. Nf5 Ng6 17. Nxe7 Qxe7 18. Qe3 Qc7 19. Qh6 Rg7 20.
g3 Rag8 21. Nh4 f5 22. Nxg6+ Rxg6 23. Qe3 R6g7 24. Qe5 Qc8 25. Bf1 c5 26.
Bg2 Bxg2 27. Kxg2 cxd4 28. Re2 Qc5 29. Qxd4 Qxd4 30. Rxd4 Re8 31. Red2 Kg8
32. Rd8 Kf8 33. R2d7 Rg4 34. f4 e5 35. fxe5 Re4 36. Kf3 Rxd8 37. Rxd8+ Ke7
38. Ra8 Ra4 39. a3 h5 40. h4 a6 41. Rb8 b5 42. Rb6 Rc4 43. c3 Re4 44. Rxa6
Rxe5 45. Ra5 f6 46. a4 bxa4 47. Rxa4 Re1 48. Rd4 Rf1+ 49. Ke2 Rg1 50. Kf2
Rc1 51. Rd2 Kf7 52. Kf3 Kg6 53. Rd3 Rf1+ 54. Kg2 Rb1 55. b4 f4 56. Rd5 fxg3
57. b5 f5 58. Kxg3 Kf6 59. c4 Rg1+ 60. Kf3 Rf1+ 61. Ke2 Rb1 62. Kd3 Ke6 63.
Kd4 Rh1 64. b6 Rxh4+ 65. Kc5 Rg4 66. b7 Rg8 67. Kb6 h4 68. Rd3 f4 69. c5
Kf5 70. c6 1-0

[Event "8th ch-Euro"]
[Site "Dresden GER"]
[Date "2007.04.06"]
[Round "4"]
[White "Jakubowski,K"]
[Black "Jahnel,G"]
[Result "1-0"]
[WhiteElo "2483"]
[BlackElo "2303"]
[EventDate "2007.04.03"]

1. e4 d6 2. d4 Nf6 3. Nc3 g6 4. f4 Bg7 5. Nf3 c5 6. Bb5+ Bd7 7. Bxd7+ Nbxd7
8. d5 O-O 9. O-O c4 10. Be3 Qc7 11. Nd4 a6 12. Qf3 b5 13. a3 Rae8 14. Kh1
e6 15. dxe6 fxe6 16. f5 Ne5 17. Qh3 exf5 18. exf5 Rf7 19. Ne6 Qd7 20. Bg5
Bh8 21. Bh4 gxf5 22. Ng5 Rff8 23. Rxf5 Nfg4 24. Rff1 Rf5 25. Qg3 Ng6 26.
Nf3 Ne3 27. Rfe1 d5 28. Bg5 Nxc2 29. Rxe8+ Qxe8 30. Rc1 Nd4 31. Re1 Qf7 32.
Bh6 Nxf3 33. Qb8+ Nf8 34. gxf3 Rg5 35. f4 Rg7 36. Re8 d4 37. Ne4 d3 38. Qa8
Qf5 39. Rxf8+ Qxf8 1-0

[Event "8th ch-Euro"]
[Site "Dresden GER"]
[Date "2007.04.06"]
[Round "4"]
[White "Eichner,S"]
[Black "Saric,Iv"]
[Result "1/2-1/2"]
[WhiteElo "2276"]
[BlackElo "2469"]
[EventDate "2007.04.03"]

1. Nf3 Nf6 2. c4 g6 3. Nc3 Bg7 4. e4 d6 5. d4 O-O 6. h3 Na6 7. Bg5 h6 8.
Be3 e5 9. d5 Nc5 10. Nd2 a5 11. g4 c6 12. Be2 Bd7 13. h4 a4 14. h5 Qa5 15.
f3 a3 16. b4 Qxb4 17. Qc1 Qb2 18. hxg6 fxg6 19. Bxh6 Bxh6 20. Rxh6 Kg7 21.
Rh1 cxd5 22. exd5 Rh8 23. Rxh8 Qxc1+ 24. Rxc1 Rxh8 25. Kf2 g5 26. Kg3 e4
27. Ndxe4 Ncxe4+ 28. Nxe4 Nxe4+ 29. fxe4 Kf6 30. Rb1 Bc8 31. Rb3 Ke5 32.
Rxa3 Kxe4 33. Rf3 Kd4 34. Rf6 Re8 35. Kf2 Kc5 36. Rg6 Rf8+ 37. Kg3 Re8 38.
Kf2 Rf8+ 39. Ke3 Re8+ 40. Kd2 Rxe2+ 41. Kxe2 Bxg4+ 42. Ke3 Bh3 43. Rxg5 Bf1
44. a3 Bxc4 45. Kd2 Kd4 46. Rg4+ Kxd5 47. Kc3 Ba6 48. Rg5+ Ke4 49. Rg7 Kd5
50. Kb4 Kc6 51. Rg5 Kb6 52. Rg1 Kc6 53. Rc1+ Kb6 54. Rc8 Be2 55. a4 Ba6 56.
Rc2 d5 57. a5+ Ka7 58. Kc5 Bc4 59. Rh2 Ka6 60. Rh1 Bb5 61. Rb1 Bc4 62. Rh1
Bb5 63. Kb4 Bc6 64. Rh6 Ka7 65. Rd6 Ka6 66. Rd8 Ka7 67. Kc5 Ba4 68. Rxd5
Bc6 69. Rd6 Bf3 70. Rb6 Be2 71. Kd6 Bd3 72. Kc7 Be4 73. Kd6 Bf3 74. Kc5 Be2
75. Re6 Ba6 76. Re7 Bf1 77. Re3 Bg2 78. Re1 Bf3 79. Kb5 Bc6+ 80. Kb4 Bf3
1/2-1/2

[Event "8th ch-Euro"]
[Site "Dresden GER"]
[Date "2007.04.06"]
[Round "4"]
[White "Loew,G"]
[Black "Lobzhanidze,D"]
[Result "0-1"]
[WhiteElo "2285"]
[BlackElo "2446"]
[EventDate "2007.04.03"]

1. c4 Nf6 2. g3 e5 3. Bg2 Nc6 4. Nc3 Bc5 5. a3 a6 6. e3 d6 7. Nge2 Ba7 8.
d4 O-O 9. O-O Ne7 10. d5 c6 11. h3 cxd5 12. cxd5 Bd7 13. Kh2 Rc8 14. e4 Ng6
15. Qd3 Qc7 16. Bg5 Ne8 17. Rac1 f6 18. Nd1 Qb8 19. Rxc8 Qxc8 20. Be3 Bb5
21. Qd2 Bxe3 22. Nxe3 Rf7 23. h4 Rc7 24. Bh3 Bd7 25. Bxd7 Qxd7 26. Rc1 Ne7
27. Qb4 Rxc1 28. Nxc1 h5 29. Nd3 f5 30. f4 fxe4 31. Qxe4 Nf6 32. Qg2 e4 33.
Nf2 Nf5 34. Nfd1 Nd4 35. Nc3 Nf3+ 36. Kh1 Qc8 37. f5 Qc5 38. Qe2 Ng4 39.
Ncd1 Nd4 40. Qd2 Nb3 41. Qc3 Qxc3 42. bxc3 Nxe3 43. Nxe3 Kf7 44. Nc4 Ke7
45. a4 b5 46. axb5 axb5 47. Ne3 Kf6 48. Kg2 Ke5 49. Kf2 Nd2 50. Ng2 Nb1 51.
Nf4 Nxc3 52. Ke1 b4 53. Kd2 Nxd5 54. Nxh5 e3+ 0-1

[Event "8th ch-Euro"]
[Site "Dresden GER"]
[Date "2007.04.06"]
[Round "4"]
[White "Gutman,L"]
[Black "Zesch,L"]
[Result "0-1"]
[WhiteElo "2464"]
[BlackElo "2287"]
[EventDate "2007.04.03"]

1. Nf3 Nf6 2. g3 g6 3. Bg2 Bg7 4. O-O O-O 5. d4 d6 6. c4 Nbd7 7. Nc3 e5 8.
e4 a6 9. Re1 Rb8 10. b3 exd4 11. Nxd4 Ng4 12. f3 Nge5 13. Be3 Nc5 14. Qc2
Ncd3 15. Red1 c5 16. Nde2 Nb4 17. Qd2 Qf6 18. Rf1 b5 19. cxb5 axb5 20. Rad1
c4 21. Qxd6 Qxd6 22. Rxd6 Nc2 23. Bg5 h6 24. Be7 Re8 25. Nd5 Ne3 26. Nxe3
Rxe7 27. Rd8+ Kh7 28. Nd5 Ra7 29. f4 Nc6 30. Rd6 Nd4 31. Nc1 Be6 32. f5 Be5
33. Rb6 gxf5 34. Rxb8 Bxb8 35. exf5 Bxf5 36. Rxf5 Nxf5 37. Be4 cxb3 38.
Bxf5+ Kg7 39. Nxb3 Rxa2 40. Nf4 Bxf4 41. gxf4 Ra4 42. Nc5 Rxf4 43. Be4 Kf6
44. Kg2 Ke5 45. Bh7 Rc4 46. Nb3 f5 47. Bg8 Rg4+ 0-1

[Event "8th ch-Euro"]
[Site "Dresden GER"]
[Date "2007.04.06"]
[Round "4"]
[White "Nagatz,F"]
[Black "Grunberg,M"]
[Result "0-1"]
[WhiteElo "2276"]
[BlackElo "2439"]
[EventDate "2007.04.03"]

1. d4 g6 2. c4 Bg7 3. Nf3 Nf6 4. g3 O-O 5. Bg2 d6 6. O-O Nbd7 7. Nc3 e5 8.
e4 a6 9. h3 b5 10. dxe5 dxe5 11. Qe2 c6 12. b3 Qe7 13. Ne1 Bb7 14. Nc2 b4
15. Na4 c5 16. a3 a5 17. Nb2 Rfd8 18. Bd2 Nb8 19. axb4 axb4 20. Rxa8 Bxa8
21. Ne3 Nxe4 22. Nd5 Bxd5 23. cxd5 Nxd2 24. Qxd2 e4 25. Nc4 f5 26. g4 Nc6
27. gxf5 gxf5 28. d6 Qe6 29. Qg5 Rd7 30. Ra1 h6 31. Ra8+ Kh7 32. Qe3 Bd4
33. Qf4 Bf6 34. h4 Nd4 35. Kf1 Nxb3 36. Ne3 Nd4 37. Nxf5 Qc4+ 0-1

[Event "8th ch-Euro"]
[Site "Dresden GER"]
[Date "2007.04.06"]
[Round "4"]
[White "Asauskas,H"]
[Black "Berg,K"]
[Result "1-0"]
[WhiteElo "2264"]
[BlackElo "2406"]
[EventDate "2007.04.03"]

1. e4 c6 2. d4 d5 3. Nc3 dxe4 4. Nxe4 Bf5 5. Ng3 Bg6 6. Bc4 e6 7. N1e2 Bd6
8. O-O Qc7 9. Bb3 Nd7 10. c4 c5 11. d5 exd5 12. f4 f5 13. Nc3 d4 14. Re1+
Kf8 15. Nd5 Qd8 16. Bc2 Nh6 17. b4 Kf7 18. bxc5 Bxc5 19. Qd3 Qh4 20. Ba3
Rhe8 21. Ba4 Rxe1+ 22. Rxe1 Bxa3 23. Qxa3 Nb6 24. Nc7 Ng4 25. c5 Qxh2+ 26.
Kf1 Ne3+ 27. Rxe3 dxe3 28. Bb3+ Kf6 29. Qb2+ Ke7 30. Qxg7+ Kd8 31. Ne6+ Ke8
32. Qf8+ Kd7 33. Qd6+ Ke8 34. Ng7+ 1-0

[Event "8th ch-Euro"]
[Site "Dresden GER"]
[Date "2007.04.06"]
[Round "4"]
[White "Zeller,F"]
[Black "Grant,J"]
[Result "0-1"]
[WhiteElo "2430"]
[BlackElo "2283"]
[EventDate "2007.04.03"]

1. e4 c6 2. d4 d5 3. exd5 cxd5 4. c4 Nf6 5. Nc3 e6 6. Nf3 Bb4 7. Bd3 dxc4
8. Bxc4 O-O 9. O-O b6 10. Qb3 Bxc3 11. bxc3 Nbd7 12. Ba3 Re8 13. Rfe1 Bb7
14. Ne5 Nxe5 15. dxe5 Ne4 16. Qc2 Nd2 17. Bf1 Nf3+ 18. Kh1 Nxe1 19. Rxe1
Qd5 20. c4 Rac8 21. Qe2 Qa5 22. Bd6 Rxc4 23. Rd1 Re4 24. Qc2 Re1 25. a3 Ba6
26. Bb4 Rxf1+ 27. Rxf1 Qxe5 28. Re1 Qd5 29. Rd1 Qc4 30. Qd2 h6 31. Qd7 Bb5
32. Qxa7 Qe2 33. Rg1 Qxf2 34. Ba5 Bc6 35. Bxb6 Qc2 36. Qc7 Ra8 37. Qg3 Ra4
38. Bd8 Qf5 39. h3 Rd4 40. Be7 Rd3 41. Qb8+ Kh7 42. Kh2 0-1

[Event "8th ch-Euro"]
[Site "Dresden GER"]
[Date "2007.04.06"]
[Round "4"]
[White "Graf,F"]
[Black "Kaplan,S"]
[Result "0-1"]
[WhiteElo "2249"]
[BlackElo "2417"]
[EventDate "2007.04.03"]

1. d4 d5 2. c4 c6 3. Nf3 Nf6 4. Nc3 dxc4 5. e3 b5 6. a4 b4 7. Na2 e6 8.
Bxc4 Be7 9. O-O O-O 10. Qe2 Bb7 11. b3 c5 12. Bb2 cxd4 13. Rfd1 Nc6 14.
Nxd4 Nxd4 15. Bxd4 Qa5 16. Nc1 Qg5 17. f4 Qf5 18. Nd3 h5 19. Qe1 Qe4 20.
Ra2 Nd5 21. Nc5 Bxc5 22. Bd3 Qxe3+ 23. Bxe3 Nxe3 24. Kh1 Rfd8 25. h3 Nxd1
26. Qxd1 Be3 27. Qf1 Rac8 28. Ra1 Rd6 29. Re1 Bc5 30. Be4 Ba6 31. Qf3 g6
32. f5 exf5 33. Bb7 Bxb7 34. Qxb7 Rcd8 35. Kh2 h4 36. Qb5 Bf2 37. Re8+ Kh7
38. Rxd8 Rxd8 39. Qe2 Bg3+ 40. Kg1 Rd6 41. Kf1 Re6 42. Qd2 a5 43. Qc1 g5
44. Qd1 Kg6 0-1

[Event "8th ch-Euro"]
[Site "Dresden GER"]
[Date "2007.04.06"]
[Round "4"]
[White "Lubbe,N"]
[Black "Alsina Leal,D"]
[Result "1/2-1/2"]
[WhiteElo "2243"]
[BlackElo "2430"]
[EventDate "2007.04.03"]

1. e4 c5 2. d3 Nc6 3. g3 g6 4. Bg2 Bg7 5. f4 d6 6. Nf3 e5 7. c3 Nge7 8.
fxe5 dxe5 9. Be3 b6 10. Na3 O-O 11. O-O h6 12. Qd2 Kh7 13. Nc2 Bg4 14. h3
Be6 15. d4 cxd4 16. cxd4 exd4 17. Nfxd4 Nxd4 18. Nxd4 Bc4 19. Rfd1 Rc8 20.
Qf2 Qe8 21. b3 Ba6 22. Rac1 Rxc1 23. Rxc1 Qd7 24. Kh2 Bb7 25. Qf4 Nc6 26.
Nxc6 Bxc6 27. Rc2 Kg8 28. Rd2 Qb7 29. Bd4 Re8 30. Bxg7 Kxg7 31. Re2 Re6 32.
h4 Qe7 33. Qe3 Qb4 34. Rc2 Qe7 35. Rc4 Kh7 36. Qc3 Bxe4 37. Rc7 Qf8 38. Qc4
Bf5 39. Bd5 Re7 40. h5 Rxc7 41. Qxc7 Qe8 42. hxg6+ Kxg6 43. Qxa7 Qe2+ 44.
Bg2 Be4 45. Qxb6+ f6 46. Qg1 Qh5+ 47. Bh3 Qe2+ 48. Bg2 Qxa2 49. Qf1 Bxg2
50. Qxg2 Qxb3 51. Qe4+ Kg7 52. Qg4+ Kf8 53. Qg6 Qb2+ 54. Kh3 Qe5 1/2-1/2

[Event "8th ch-Euro"]
[Site "Dresden GER"]
[Date "2007.04.06"]
[Round "4"]
[White "Startsev,V"]
[Black "Swinkels,R"]
[Result "0-1"]
[WhiteElo "2246"]
[BlackElo "2428"]
[EventDate "2007.04.03"]

1. Nf3 Nf6 2. c4 g6 3. b3 Bg7 4. Bb2 O-O 5. g3 c5 6. Bg2 Nc6 7. O-O d6 8.
Nc3 a6 9. d4 cxd4 10. Nxd4 Bd7 11. e3 Rb8 12. Rc1 Qa5 13. Re1 Rfc8 14. a3
Qd8 15. Nd5 Nxd5 16. Bxd5 Ne5 17. Bg2 b5 18. cxb5 Rxc1 19. Bxc1 axb5 20. h3
Qb6 21. Bb2 Rc8 22. Qd2 Rc5 23. f4 Nc6 24. Nxc6 Bxc6 25. Bd4 Bxg2 26. Bxc5
Qxc5 27. b4 Bc3 28. Qxg2 Qxe3+ 29. Kh2 Qd3 30. Rf1 d5 31. Qf3 Qc4 32. f5
Bf6 33. fxg6 hxg6 34. Rf2 d4 35. h4 Kg7 36. Kh3 Qe6+ 37. g4 Kg8 38. Rc2 Qd7
39. Qa8+ Kg7 40. Qe4 Qd6 41. g5 Be5 42. Re2 f6 43. Kg2 Qa6 44. Qf3 Qc8 45.
h5 gxh5 46. Qxh5 Qc6+ 47. Qf3 Qc8 48. Qe4 Qc3 49. gxf6+ Bxf6 50. Rc2 Qxa3
51. Qg4+ Kf7 52. Qh5+ Kg7 53. Rc8 Qa2+ 54. Kf3 Qb3+ 55. Ke4 Qe6+ 0-1